00409nam a2200121Ia 4500008004100000082001900041100002900060245004900089300002200138942000700160999001900167952010100186230907s9999||||xx |||||||||||||| ||und|| a620.11892bBAR aBarbero, Ever J.,955909 0aIntroduction to composite materials design / axxxv, 535 pages ; cBK c600816d600816 00104070aCAS-EbCAS-Ed2019-09-30l0o620.11892 BARpCAS-E0004915r2023-09-12w2023-09-12yBK